Los conciertos económicos / Carmen Postigo
ISBN:
84-7407-053-8
Descripción Física:
122 p. ; 20 cm
Colección:
Euskal Historia ; 3
MARC
| LEADER | 00000nam a2200000Ia 4500 | ||
|---|---|---|---|
| 001 | 18214 | ||
| 008 | 160829s1979 xx 000 0 cat d | ||
| 020 | |a 84-7407-053-8 | ||
| 080 | |a D-3-114 | ||
| 100 | |a Postigo, Carmen |9 23489 | ||
| 245 | |a Los conciertos económicos / Carmen Postigo | ||
| 260 | |a San Sebastián : |b L. Haranburu, |c 1979 | ||
| 300 | |a 122 p. ; |c 20 cm | ||
| 490 | |a Euskal Historia ; 3 | ||
| 650 | |a Dret fiscal |x Navarra |9 23490 | ||
| 650 | |a Dret fiscal |x País Basc |9 23491 | ||
| 901 | |a Arxiu | ||
| 942 | |n 1 | ||
| 952 | |0 1 |1 0 |2 udc |4 0 |5 2 |6 D3114 |7 1 |9 42729 |a Arxiu |b Arxiu |d 2016-12-01 |l 0 |o D-3-114 |p 18214 |r 2016-12-01 00:00:00 |w 2016-12-01 |y ARXIU | ||
| 999 | |c 45235 |d 45235 | ||